Vaughan & Asbury's General Ophthalmology / (Record no. 1826)
[ view plain ]
| 000 -LEADER | |
|---|---|
| fixed length control field | 00630nam a22002177a 4500 |
| 003 - CONTROL NUMBER IDENTIFIER | |
| control field | OSt |
| 005 - DATE AND TIME OF LATEST TRANSACTION | |
| control field | 20150521153917.0 |
| 008 - FIXED-LENGTH DATA ELEMENTS--GENERAL INFORMATION | |
| fixed length control field | 150521b xxu||||| |||| 00| 0 eng d |
| 020 ## - INTERNATIONAL STANDARD BOOK NUMBER | |
| International Standard Book Number | 9780071104456 |
| 040 ## - CATALOGING SOURCE | |
| Transcribing agency | DNLM |
| 082 ## - DEWEY DECIMAL CLASSIFICATION NUMBER | |
| Classification number | WW 100 V465p 2008 |
| 100 ## - MAIN ENTRY--PERSONAL NAME | |
| Personal name | Riordan-Eva Paul |
| 9 (RLIN) | 4802 |
| 245 ## - TITLE STATEMENT | |
| Title | Vaughan & Asbury's General Ophthalmology / |
| Statement of responsibility, etc. | Paul Riordan-Eva, John P. Whitcher |
| 250 ## - EDITION STATEMENT | |
| Edition statement | 17th ed. |
| 260 ## - PUBLICATION, DISTRIBUTION, ETC. (IMPRINT) | |
| Place of publication, distribution, etc. | New York: |
| Name of publisher, distributor, etc. | McGraw Hill; |
| Date of publication, distribution, etc. | 2008 |
| 300 ## - PHYSICAL DESCRIPTION | |
| Extent | xiii, 461 p : |
| Other physical details | ill; |
| Dimensions | 27 cm. |
| 504 ## - BIBLIOGRAPHY, ETC. NOTE | |
| Bibliography, etc | Includes references and index |
| 650 ## - SUBJECT ADDED ENTRY--TOPICAL TERM | |
| Topical term or geographic name as entry element | Ophthalmology |
| 9 (RLIN) | 338 |
| 700 ## - ADDED ENTRY--PERSONAL NAME | |
| Personal name | Whitcher John P. |
| 9 (RLIN) | 4688 |
| 942 ## - ADDED ENTRY ELEMENTS (KOHA) | |
| Source of classification or shelving scheme | Other/Generic Classification Scheme |
| Koha item type | Short Loan |
| Withdrawn status | Lost status | Source of classification or shelving scheme | Damaged status | Not for loan | Home library | Current library | Date acquired | Source of acquisition | Inventory number | Total Checkouts | Full call number | Barcode | Date last seen | Price effective from | Koha item type |
|---|---|---|---|---|---|---|---|---|---|---|---|---|---|---|---|
| Other/Generic Classification Scheme | MUST Main Library | MUST Main Library | 21/05/2015 | 2008/30103 | WW 100 V465p 2008 | 2015-1525 | 21/05/2015 | 21/05/2015 | Short Loan |
